000 00249nam a2200109Ia 4500
008 190216s9999||||xx |||||||||||||| ||und||
100 _aMary Lutiyans
245 0 _aKrishna Murthi Reader
260 _bPenguin Books
650 _aEnglish
942 _cBK
999 _c12832
_d12832